[Event "POL-ch Academic"]
[Site "Chorzow"]
[Date "2021.05.14"]
[Round "1.20"]
[White "Kukulka, Dominik"]
[Black "Karpus, Michal"]
[Result "0-1"]
[WhiteElo "1464"]
[BlackElo "2271"]
[PlyCount "36"]
[EventDate "2021.05.14"]
[EventType "swiss (rapid)"]
[EventRounds "9"]
[EventCountry "POL"]
[SourceTitle "CBM 202 Extra"]
[Source "ChessBase"]
[SourceDate "2021.07.31"]
[SourceVersion "1"]
[SourceVersionDate "2021.07.31"]
[SourceQuality "1"]

1. e4 e5 2. Nf3 Nc6 3. d4 exd4 4. Bc4 Nf6 5. 0-0 Nxe4 6. Nc3 Nxc3 7. bxc3 Be7 8. cxd4 d5 9. Bb5 0-0 10. Re1 Bg4 11. c3 Bd6 12. h3 Bh5 13. Bd3 Bg6 14. Bg5 Qd7 15. Rb1 Na5 16. Ne5 Bxe5 17. Rxe5 Bxd3 18. Qxd3 f6 0-1

[Event "POL-chT Academic"]
[Site "Katowice"]
[Date "2020.11.14"]
[Round "2.17"]
[White "Kukulka, Dominik"]
[Black "Parol, Pola"]
[Result "0-1"]
[WhiteElo "1488"]
[BlackElo "2069"]
[PlyCount "178"]
[EventDate "2020.11.14"]
[EventType "team-swiss (rapid)"]
[EventRounds "9"]
[EventCountry "POL"]
[SourceTitle "CBM 199 Extra"]
[Source "ChessBase"]
[SourceDate "2021.01.31"]
[SourceVersion "1"]
[SourceVersionDate "2021.01.31"]
[SourceQuality "1"]
[WhiteTeam "Gliwice Politechnika Slaska"]
[BlackTeam "Warszawa Univ"]
[WhiteTeamCountry "POL"]
[BlackTeamCountry "POL"]

1. e4 c5 2. d4 cxd4 3. c3 dxc3 4. Nxc3 Nc6 5. Bc4 e6 6. Nf3 a6 7. 0-0 h6 8. Qe2 b5 9. Bb3 Qc7 10. Rd1 Nge7 11. Nd5 Nxd5 12. exd5 Na5 13. Nd4 Bd6 14. Nf5 Bxh2+ 15. Kh1 Qe5 16. Nxg7+ Kf8 17. Qxe5 Bxe5 18. Nh5 Nxb3 19. axb3 Ke7 20. Nf4 Bb7 21. dxe6 dxe6 22. f3 Rhd8 23. Nd3 Bd6 24. Be3 Bd5 25. Nc5 a5 26. Kg1 Rac8 27. Rac1 Ke8 28. Ne4 Bxe4 29. fxe4 Bf8 30. Bb6 Rxd1+ 31. Rxd1 a4 32. bxa4 bxa4 33. Rd2 Bg7 34. Bd4 Bxd4+ 35. Rxd4 Rb8 36. Rxa4 Rxb2 37. e5 Kf8 38. Kh2 Re2 39. Ra5 Kg7 40. Kg3 Kg6 41. Kf3 Rb2 42. Ra4 Rb3+ 43. Kg4 Re3 44. Kf4 Re1 45. Ra3 Rf1+ 46. Kg4 Rb1 47. Rf3 Rb4+ 48. Kg3 Re4 49. Rf6+ Kg7 50. Rf3 Rxe5 51. Rd3 Ra5 52. Kf3 Kf6 53. Rd4 Kg6 54. Rg4+ Rg5 55. Rd4 h5 56. Rd6 Rb5 57. Rc6 Kg5 58. Rc7 Rf5+ 59. Kg3 e5 60. Re7 Kf6 61. Re8 Rf1 62. Kh4 Rh1+ 63. Kg3 Kf5 64. Kf3 f6 65. g3 Ra1 66. Rg8 Ra3+ 67. Kf2 e4 68. Rh8 Kg4 69. Rg8+ Kh3 70. Rg6 Rf3+ 71. Ke2 Kg2 72. Rg7 Rxg3 73. Rf7 Rf3 74. Rh7 Rf5 75. Rg7+ Rg5 76. Re7 f5 77. Rb7 h4 78. Ke3 h3 79. Kf4 Rg8 80. Rb2+ Kg1 81. Rb1+ Kh2 82. Re1 Rg2 83. Kxf5 Kg3 84. Re3+ Kf2 85. Kxe4 h2 86. Rf3+ Kg1 87. Rd3 h1Q 88. Rd1+ Kh2 89. Rd3 Qe1+ 0-1